00568nam a2200133Ia 4500008004100000020002200041100002500063245012200088260004900210300002800259650001100287999001900298952011700317200907s9999 xx 000 0 und d a978-971-98-1207-4 aGo-Monilla, Peter R. cPeter R. Go-Monilla, Kristoffer Kiel M. Santos, Kimson Gener G. Kong, Ronnie M. GillegoaEthics:ba modular approach/ aQuezon City:bC and E Publishing, Inc.c2019 aviii, 263 pagesc22 cm. aEthics c364079d364079 001040aCLbCLcFILd2020-09-07eLibrary Fundl0oBJ 1025 .G6 2019pC22258r2020-09-07 00:00:00w2020-09-07yBK